000 01022nam a22002537a 4500
003 URS
005 20230302085811.0
008 230302b |||||||| |||| 00| 0 eng d
043 _aURS
100 _94046
_aArram Daniel P. Yamson
_eAuthor
245 _aManagement and Information System for Health Center in Barangay Janosa Binangonan, Rizal
_cArram Daniel P. Yamson, Josie Marie L. Navera, Eugene C. Delgado, Maria Angelique D. Ferry, Jane Ana C. Campo
260 _c2021
300 _axi, 90 leaves;
_c28 cm.
336 _2rdacontent
_atext
337 _2rdamedia
_aunmediated
338 _2rdacarrier
_avolume
502 _aUndergraduate Thesis
_bBachelor of Science in Information Technology
_cUniversity of Rizal System, Binangonan
_d2021
700 _94047
_aJosie Marie L. Navera
_eAuthor
700 _94048
_aEugene C. Delgado
_eAuthor
700 _94049
_aMaria Angelique D. Ferry
_eAuthor
700 _94050
_aJane Ana C. Campo
_eAuthor
700 _92204
_aJoyce Lyn M. Abaoag, MSME
_eAdviser
942 _2lcc
_cT
999 _c68357
_d68357